Metódy personálneho manažmentu a ich použitie vo firme

Gespeichert in:
Bibliographische Detailangaben
1. Verfasser: Alazmi, Hamed A.M.H., 1979- (Verfasst von)
Weitere Verfasser: Hekelová, Edita, 1954- (Betreuung Doktorarbeit)
Format: Manuskript Buch
Sprache:Slowakisch
Veröffentlicht: Bratislava : STU v Bratislave SjF, 2010
Schlagworte:
Online-Zugang:VAIS
Tags: Tag hinzufügen
Keine Tags, Fügen Sie das erste Tag hinzu!

MARC

LEADER 00000ntm a22000003a 4500
001 stu218653
005 20150617230116.0
008 101207s2010----xo------------------slo-d
040 |a STU  |b slo 
041 0 |a slo 
044 |a xo 
100 1 |a Alazmi, Hamed A.M.H.,  |d 1979-  |4 aut  |u J  |T SjF Strojnícka fakulta  |X 47539  |U J  |Y 20  |7 A000047539 
242 0 0 |a Personnel management methods and their use in a company  |y eng 
245 1 |a Metódy personálneho manažmentu a ich použitie vo firme 
260 |a Bratislava :  |b STU v Bratislave SjF,  |c 2010 
650 7 |a výrobné systémy a manažérstvo kvality  |2 stusub 
650 7 |a Production Systems and Quality Management  |2 estusub 
650 7 |a personálny manažment  |2 stusub 
650 7 |a ľudské zdroje  |2 stusub 
650 7 |a zamestnanec  |2 stusub 
650 7 |a hodnotenie  |2 stusub 
650 7 |a human resources  |2 estusub 
650 7 |a employer  |2 estusub 
650 7 |a evaluation  |2 estusub 
700 1 |a Hekelová, Edita,  |d 1954-  |4 ths  |u J0070  |U SjF Strojnícka fakulta  |T SjF Ústav výrobných systémov, enviromentálnej techniky a manažment kvality  |X 2429  |U J0070  |Y 804  |7 A000002429 
856 4 |a info a plný text  |u http://is.stuba.sk/zp/portal_zp.pl?podrobnosti=73968  |3 VAIS